On "Strangers no longer" (Record no. 102452)

MARC details
000 -LEADER
campo de control de longitud fija 02048nam a2200469 i 4500
001 - NÚMERO DE CONTROL
campo de control MOR01000102779
003 - IDENTIFICADOR DE NÚMERO DE CONTROL
campo de control $$amxcmmo
005 - FECHA Y HORA DE LA ÚLTIMA TRANSACCIÓN
campo de control 20260331230639.0
008 - DATOS DE LONGITUD FIJA--INFORMACIÓN GENERAL
campo de control de longitud fija 160607s2013 nju g bi 000 0 eng d
020 ## - NÚMERO INTERNACIONAL ESTÁNDAR DEL LIBRO
Número Internacional Estándar del Libro 9780809148288
035 ## - NÚMERO DE CONTROL DEL SISTEMA
Número de control de sistema 160918
040 ## - FUENTE DE CATALOGACIÓN
Centro catalogador/agencia de origen mxcmmo
Lengua de catalogación spa
Centro/agencia transcriptor mxcmmo
Normas de descripción rda
041 0# - CÓDIGO DE IDIOMA
Código de lengua del texto/banda sonora o título independiente eng
043 ## - CÓDIGO DE ÁREA GEOGRÁFICA
Código de área geográfica n-mx---
-- n-us---
045 ## - PERIODO DE TIEMPO DEL CONTENIDO
Código de periodo de tiempo w2y1
082 04 - NÚMERO DE LA CLASIFICACIÓN DECIMAL DEWEY
Número de clasificación 261.7
Número de ítem ONS.n
245 00 - MENCIÓN DEL TÍTULO
Título On "Strangers no longer"
Resto del título : perspectives on the historic U.S.-Mexican catholic bishops' pastoral letter on migration/
Mención de responsabilidad, etc. edited by Todd Scribner and J. Kevin Appleby; Allan Figueroa Deck [y otros]
264 #1 - PRODUCCIÓN, PUBLICACIÓN, DISTRIBUCIÓN, FABRICACIÓN Y COPYRIGHT
Producción, publicación, distribución, fabricación y copyright Mahwah, New Jersey:
Nombre del de productor, editor, distribuidor, fabricante Paulist Press,
Fecha de producción, publicación, distribución, fabricación o copyright [2013]
300 ## - DESCRIPCIÓN FÍSICA
Extensión xviii, 358 páginas;
Dimensiones 23 cm
336 ## - TIPO DE CONTENIDO
Término de tipo de contenido texto
Código de tipo de contenido txt
Fuente rdacontent
337 ## - TIPO DE MEDIO
Nombre/término del tipo de medio sin medio
Código del tipo de medio n
Fuente rdamedia
338 ## - TIPO DE SOPORTE
Nombre/término del tipo de soporte volumen
Código del tipo de soporte nc
Fuente rdacarrier
490 0# - MENCIÓN DE SERIE
Mención de serie Ethics and social issues
504 ## - NOTA DE BIBLIOGRAFÍA, ETC.
Nota de bibliografía, etc. Nota Incluye referencias bibliográficas
650 #7 - PUNTO DE ACCESO ADICIONAL DE MATERIA--TÉRMINO DE MATERIA
Término de materia o nombre geográfico como elemento de entrada Iglesia Católica en Estados Unidos
Subdivisión general Historia
-- Aspectos migratorios
-- Alocuciones, ensayos, conferencias
9 (RLIN) 181995
650 #7 - PUNTO DE ACCESO ADICIONAL DE MATERIA--TÉRMINO DE MATERIA
Término de materia o nombre geográfico como elemento de entrada Iglesia Católica en México
Subdivisión general Historia
-- Aspectos migratorios
-- Alocuciones, ensayos, conferencias
9 (RLIN) 181996
650 #7 - PUNTO DE ACCESO ADICIONAL DE MATERIA--TÉRMINO DE MATERIA
Término de materia o nombre geográfico como elemento de entrada Inmigrantes
Subdivisión geográfica Estados Unidos
Subdivisión general Historia
-- Aspectos religiosos
-- Alocuciones, ensayos, conferencias
9 (RLIN) 181997
650 #7 - PUNTO DE ACCESO ADICIONAL DE MATERIA--TÉRMINO DE MATERIA
Término de materia o nombre geográfico como elemento de entrada Mexicanos
Subdivisión geográfica Estados Unidos
Subdivisión general Vida religiosa
-- Historia
-- Alocuciones, ensayos, conferencias
9 (RLIN) 181998
651 #7 - PUNTO DE ACCESO ADICIONAL DE MATERIA--NOMBRE GEOGRÁFICO
Nombre geográfico México
Subdivisión general Emigración e inmigración
-- Aspectos religiosos
-- Historia
-- Alocuciones, ensayos, conferencias
9 (RLIN) 181999
700 1# - ENTRADA AGREGADA--NOMBRE PERSONAL
Nombre de persona Appleby, J. Kevin
Término indicativo de función/relación editor
9 (RLIN) 182000
700 1# - ENTRADA AGREGADA--NOMBRE PERSONAL
Nombre de persona Deck, Allan F.
Fechas asociadas al nombre 1945
Término indicativo de función/relación autor
9 (RLIN) 182001
700 1# - ENTRADA AGREGADA--NOMBRE PERSONAL
Nombre de persona Scribner, Todd
Término indicativo de función/relación editor
9 (RLIN) 182002
900 ## - ELEMENTOS DE DATOS A LOCAL, LDA (RLIN)
Nombre de persona CECY
Numeración 30
Títulos y otros términos asociados al nombre 20160614
Lenguaje de la obra MOR01
-- 1336
900 ## - ELEMENTOS DE DATOS A LOCAL, LDA (RLIN)
Nombre de persona KLASY
Numeración 30
Títulos y otros términos asociados al nombre 20160803
Lenguaje de la obra MOR01
-- 1446
900 ## - ELEMENTOS DE DATOS A LOCAL, LDA (RLIN)
Nombre de persona KLASY
Numeración 30
Títulos y otros términos asociados al nombre 20160803
Lenguaje de la obra MOR01
-- 1448
900 ## - ELEMENTOS DE DATOS A LOCAL, LDA (RLIN)
Nombre de persona LUIS
Numeración 20
Títulos y otros términos asociados al nombre 20160607
Lenguaje de la obra MOR01
-- 1016
900 ## - ELEMENTOS DE DATOS A LOCAL, LDA (RLIN)
Nombre de persona LUIS
Numeración 20
Títulos y otros términos asociados al nombre 20160607
Lenguaje de la obra MOR01
-- 1016
900 ## - ELEMENTOS DE DATOS A LOCAL, LDA (RLIN)
Nombre de persona TOMAS
Numeración 30
Títulos y otros términos asociados al nombre 20160725
Lenguaje de la obra MOR01
-- 1232
900 ## - ELEMENTOS DE DATOS A LOCAL, LDA (RLIN)
Nombre de persona VOBO
Numeración 40
Títulos y otros términos asociados al nombre 20160812
Lenguaje de la obra MOR01
-- 1254
904 ## - ELEMENTOS DE DATOS D LOCAL, LDD (RLIN)
a UPDATE
942 ## - ELEMENTOS DE ENTRADA SECUNDARIOS (KOHA)
Código de la institución [OBSOLETO] BK
901 ## - ELEMENTOS DE DATOS A LOCAL LDA (RLIN)
a batch batch
Holdings
Estatus retirado Estado de pérdida Fuente del sistema de clasificación o colocación Estado de daño No para préstamo Colección Biblioteca de origen Biblioteca actual Ubicación en estantería Fecha de adquisición Fuente de adquisición Número de inventario Total de préstamos Signatura topográfica completa Código de barras Visto por última vez Precio de reemplazo Tipo de ítem Koha
    Clasificación Decimal Dewey     Libros (General) Biblioteca Instituto Mora Biblioteca Instituto Mora Regular 14/06/2016   129601   (G)/261.7 ONS.n 33068001350166 03/09/2024 03/09/2024 Libro préstamo regular